Contemporary business communication / (Record no. 7319)

MARC details
000 -LEADER
fixed length control field 00869nac a22002531u 4500
010 ## - LIBRARY OF CONGRESS CONTROL NUMBER
LC control number 96041642
020 ## - INTERNATIONAL STANDARD BOOK NUMBER
International Standard Book Number 0135312450
082 00 - DEWEY DECIMAL CLASSIFICATION NUMBER
Classification number 658.45
Item number BOO
090 ## - LOCALLY ASSIGNED LC-TYPE CALL NUMBER (OCLC); LOCAL CALL NUMBER (OCLC)
-- 7319
-- 7319
100 ## - MAIN ENTRY--PERSONAL NAME
Personal name Boone, Louis E.
245 10 - TITLE STATEMENT
Title Contemporary business communication /
Statement of responsibility, etc Louis E. Boone, David L. Kurtz, Judy R. Block.
250 ## - EDITION STATEMENT
Edition statement 2nd ed.
260 ## - PUBLICATION, DISTRIBUTION, ETC. (IMPRINT)
Place of publication, distribution, etc Upper Saddle River, N.J. :
Name of publisher, distributor, etc Prentice Hall,1997
Date of publication, distribution, etc c1997.
300 ## - PHYSICAL DESCRIPTION
Extent xxvi, 645 p. :
Other physical details ill. (some col.) ;
Dimensions 26 cm.
500 ## - GENERAL NOTE
General note distributer: Al-Ahram
504 ## - BIBLIOGRAPHY, ETC. NOTE
Bibliography, etc Includes bibliographical references and index.
511 ## - PARTICIPANT OR PERFORMER NOTE
Participant or performer note catalogued by: wessam
650 #0 - SUBJECT ADDED ENTRY--TOPICAL TERM
Topical term or geographic name as entry element Business communication.
650 #0 - SUBJECT ADDED ENTRY--TOPICAL TERM
Topical term or geographic name as entry element Business writing.
650 #0 - SUBJECT ADDED ENTRY--TOPICAL TERM
Topical term or geographic name as entry element Business communication
General subdivision Case studies.
700 1# - ADDED ENTRY--PERSONAL NAME
Personal name Kurtz, David L.
700 1# - ADDED ENTRY--PERSONAL NAME
Personal name Block, Judy Rachel,
Dates associated with a name 1948-
942 ## - ADDED ENTRY ELEMENTS (KOHA)
Item type Book - Borrowing
Call number prefix 658.45BOO
Holdings
Withdrawn status Item status Damaged status Not for loan Home library Current library Shelving location Date acquired Source of acquisition Total Checkouts Full call number Barcode Date last seen Koha item type
        Central Library Central Library First floor 21/01/2008 Purchase   658.45BOO 000008784 15/07/2025 Book - Borrowing